La televisión y el niño

Gespeichert in:
Bibliographische Detailangaben
Hauptverfasser: Himmelweit, Hilde T (VerfasserIn), Oppenheim, A. N (VerfasserIn), Vince, Pamela (VerfasserIn)
Format: Buch
Sprache:Spanisch
Veröffentlicht: Buenos Aires Luis Fariña 1962
Schlagworte:
Tags: Tag hinzufügen
Keine Tags, Fügen Sie den ersten Tag hinzu!

MARC

LEADER 00000nam a2200000 a 4500
001 UCY8639
003 CL-VaPUC
008 950703e19621009AG |||||||||||||||||spa|d
082 0 4 |a 371.335  |b HIM  |2 21 
100 |a Himmelweit, Hilde T  |e author  |9 340212 
700 0 |a Oppenheim, A. N  |e author  |9 340213 
700 0 |a Vince, Pamela  |e author  |9 340214 
245 1 3 |a La televisión y el niño 
300 |a v 
942 |c BK 
945 |d 19950703 00:00:00  |a lriquelm 
260 |a Buenos Aires  |b Luis Fariña  |c 1962 
650 0 |a Programas de televisión  |9 335092 
650 7 |a TELEVISION EDUCATIVA  |2 CL-VaPUC  |9 310717 
650 0 |a Ver televisión  |9 339905 
650 0 |a Proceso de comunicación   |9 332060 
650 0 |a Niños  |9 255605 
650 0 |a Medios de comunicación de masas  |9 257273 
650 7 |a PSICOLOGIA DE LA COMUNICACION  |2 CL-VaPUC  |9 332059 
650 7 |a TELEVIDENTES  |2 CL-VaPUC  |9 339904 
583 |a last modification  |c 19950703 00:00:00  |k Rodrigo Vera 
999 |c 235867  |d 235865 
952 |0 0  |1 0  |4 0  |6 371_335000000000000_HIM_1962  |7 0  |8 P  |9 243555  |a BIBEDU  |b BIBEDU  |c BIBEDU_PB  |d 2019-11-18  |h v.1  |i 1527096  |o 371.335 HIM 1962  |p 1527096  |r 2024-01-25  |w 2019-11-18  |y BK  |k EDU